| 000 | 00548nam a22001937a 4500 | ||
|---|---|---|---|
| 999 |
_c196727 _d196727 |
||
| 005 | 20230721164134.0 | ||
| 010 | _aENG-137522 | ||
| 020 |
_c250.00 _a9789392080364 |
||
| 035 | _aEN-121054 | ||
| 037 | _bDBAD/PUB | ||
| 082 | _a338.0954 | ||
| 100 | _aGupta, S.K. | ||
| 245 |
_aIssues in Economic Development/ _cby S.K.Gupta |
||
| 260 |
_aDelhi _bKitab Mahal _c2022 |
||
| 270 |
_a4655/21, Ansari Road, Daryaganj _bDelhi _e110002 |
||
| 300 |
_a230;p. _c22cm(pbk) |
||
| 700 | _aD.D. Chaturvedi | ||
| 942 |
_2ddc _cEN _h338.0954 _mGUP |
||